Ruch prawniczy, ekonomiczny i socjologiczny Organ Uniwersytetu im. A. Mickiewicza, Akademii ekonomicznej w Poznaniu
Salvato in:
| Natura: | Periodico |
|---|---|
| Lingua: | polacco |
| Pubblicazione: |
Poznaň
Wydawnictwo naukowe
1991
|
| Soggetti: | |
| Tags: |
Nessun Tag, puoi essere il primo ad aggiungerne!!
|
MARC
| LEADER | 00000nas2a2200000 4500 | ||
|---|---|---|---|
| 001 | s015319 | ||
| 005 | 20240109093924.4 | ||
| 022 | |a 0035-9629 | ||
| 041 | 0 | |a pol | |
| 044 | |a PL | ||
| 245 | 1 | 0 | |a Ruch prawniczy, ekonomiczny i socjologiczny |b Organ Uniwersytetu im. A. Mickiewicza, Akademii ekonomicznej w Poznaniu |
| 264 | 1 | |a Poznaň |b Wydawnictwo naukowe |c 1991 | |
| 300 | |a 1 zv. | ||
| 773 | 0 | |w eu_un_cat*s120218 | |
| 610 | 2 | 0 | |a vedy spoločenské |